000 00294nam a2200097Ia 4500
005 20250424112902.0
008 250424s9999 xx 000 0 und d
300 _a56 p. :ill. ; 30 cm.
650 _aLiquefied natural gas--United States--History. Gas as fuel--United States--History.
942 _cSR
999 _c37698
_d37698